3 największe miasta w województwie małopolskim zawierające literę - Statystyki

Ogólne statystyki
  • Ten quiz został rozwiązany 121 razy
    50 od ostatniego zresetowania
  • Średni wynik to 66 z 85
Statystyki odpowiedzi
Litera Odpowiedź % Poprawnych
A Kraków
97%
K Kraków
97%
Ó Kraków
97%
R Kraków
97%
W Kraków
97%
Tarnów
97%
N Tarnów
97%
Tarnów
97%
Tarnów
97%
T Tarnów
97%
Tarnów
97%
Ą Nowy Sącz
94%
C Nowy Sącz
94%
Nowy Sącz
94%
O Nowy Sącz
94%
S Nowy Sącz
94%
Nowy Sącz
94%
Y Nowy Sącz
94%
Z Nowy Sącz
94%
Gorlice
90%
Gorlice
90%
Gorlice
90%
E Wieliczka
90%
Wieliczka
90%
Wieliczka
90%
Wieliczka
90%
B Bochnia
87%
Bochnia
87%
Bochnia
87%
G Nowy Targ
87%
Nowy Targ
87%
Nowy Targ
87%
Nowy Targ
87%
Oświęcim
87%
Ę Oświęcim
87%
I Oświęcim
87%
M Oświęcim
87%
Oświęcim
87%
Ś Oświęcim
87%
Wadowice
87%
Zakopane
87%
P Zakopane
87%
Olkusz
84%
L Olkusz
84%
Olkusz
84%
U Olkusz
84%
Olkusz
84%
Chrzanów
81%
Chrzanów
81%
H Chrzanów
81%
Chrzanów
81%
Chrzanów
81%
Chrzanów
81%
Chrzanów
81%
Brzesko
77%
Dąbrowa Tarnowska
74%
Myślenice
74%
Myślenice
74%
Rabka-Zdrój
74%
J Rabka-Zdrój
74%
Sucha Beskidzka
74%
D Andrychów
71%
Andrychów
71%
Andrychów
71%
Krynica-Zdrój
71%
Skawina
68%
Ł Niepołomice
65%
Niepołomice
65%
Niepołomice
65%
Grybów
61%
Trzebinia
61%
Trzebinia
61%
Proszowice
55%
Kęty
52%
Żabno
52%
Jordanów
48%
Ń Maków Podhalański
48%
Ciężkowice
45%
Ciężkowice
45%
Libiąż
39%
Ż Libiąż
39%
Nowy Wiśnicz
32%
Bukowno
29%
Sułkowice
29%
Chełmek
26%
Nie znaleziono quizów pasujących do podanych kryteriów
Rozkład punktacji
Procent ludzi z każdym wynikiem
Percentyl według liczby udzielonych odpowiedzi
Twoja historia wyników
Nie rozwiązałeś tego quizu od ostatniego zresetowania